000 01283nam a22002537a 4500
003 URS
005 20240509180849.0
008 240509b |||||||| |||| 00| 0 eng d
050 0 0 _aUGT-MATH-LG 221.R59 D133
_b2019
100 1 0 _aDagle, Gina Orales
_eResearchers
245 1 0 _aEffectiveness of Parents' Absence to the Academic Performance/
_bof Grads School Pupils
_cDagle, Gina Orales;[et..al]
260 1 _c2019
300 _axi, 77leaves
_billstration
_c28cm
336 _2rdacontent
_atext
337 _2rdamedia
_aunmediated
338 _2rdacarrier
_avolume
502 _aUndergraduate Thesis
_bMath
_cUniversity of Rizal System, Rodriguez, Rizal
_d2019
520 _aThis study aimed to determine the effects of parents' absence to the academic performance of grade school pupils of Papaya Academy Incorporated during school year 2018-2019. This study utilized the qualitative method of research which attempted to describe related situation and problems. The data were gathered from the respondents, whose parents were absent as their progressed in their studies.
650 _2qualitative research
700 _aDela Victoria, Arien Orbita
_eResearchers
700 _aSison, Romar Crisostomo
_eResearchers
700 _aCortez, May A.
_eAdviser
942 _2lcc
_cT
999 _c79830
_d79829